Chinese military modernisation / (Record no. 15215)

000 -LEADER
fixed length control field 01267cam a2200361 a 4500
001 - CONTROL NUMBER
control field 13401395
005 - DATE AND TIME OF LATEST TRANSACTION
control field 20170105102913.0
008 - FIXED-LENGTH DATA ELEMENTS--GENERAL INFORMATION
fixed length control field 031006s2003 ii b 001 0 eng
010 ## - LIBRARY OF CONGRESS CONTROL NUMBER
LC control number 2003333967
020 ## - INTERNATIONAL STANDARD BOOK NUMBER
International Standard Book Number 8170491592
025 ## - OVERSEAS ACQUISITION NUMBER
Overseas acquisition number I-E-2003-333967; 63-06
035 ## - SYSTEM CONTROL NUMBER
System control number (DLC) 2003333967
037 ## - SOURCE OF ACQUISITION
Source of stock number/acquisition Library of Congress -- New Delhi Overseas Office
Terms of availability Rs595.00 ($35.00 U.S.)
040 ## - CATALOGING SOURCE
Original cataloging agency DLC
Transcribing agency DLC
042 ## - AUTHENTICATION CODE
Authentication code lcode
043 ## - GEOGRAPHIC AREA CODE
Geographic area code a-cc---
050 00 - LIBRARY OF CONGRESS CALL NUMBER
Classification number UA835
Item number .K365 2003
100 1# - MAIN ENTRY--PERSONAL NAME
Personal name Kapur, C. K.
Fuller form of name (Chander K.)
245 10 - TITLE STATEMENT
Title Chinese military modernisation /
Statement of responsibility, etc. C.K. Kapur.
260 ## - PUBLICATION, DISTRIBUTION, ETC.
Place of publication, distribution, etc. New Delhi :
Name of publisher, distributor, etc. Manas Publications,
Date of publication, distribution, etc. 2003.
300 ## - PHYSICAL DESCRIPTION
Extent 251 p. ;
Dimensions 22 cm.
500 ## - GENERAL NOTE
General note "United Service Institution of India (USI), Field Marshal K.M. Cariappa Chair."
504 ## - BIBLIOGRAPHY, ETC. NOTE
Bibliography, etc. note Includes bibliographical references (p. [225]-227) and index.
651 #0 - SUBJECT ADDED ENTRY--GEOGRAPHIC NAME
Geographic name China
General subdivision Defenses.
651 #0 - SUBJECT ADDED ENTRY--GEOGRAPHIC NAME
Geographic name China
General subdivision Armed Forces.
651 #0 - SUBJECT ADDED ENTRY--GEOGRAPHIC NAME
Geographic name China
General subdivision Military policy.
651 #0 - SUBJECT ADDED ENTRY--GEOGRAPHIC NAME
Geographic name China
General subdivision Military relations
Geographic subdivision India.
651 #0 - SUBJECT ADDED ENTRY--GEOGRAPHIC NAME
Geographic name India
General subdivision Military relations
Geographic subdivision China.
710 2# - ADDED ENTRY--CORPORATE NAME
Corporate name or jurisdiction name as entry element United Service Institution of India.
Subordinate unit Field Marshal K.M. Cariappa Chair.
906 ## - LOCAL DATA ELEMENT F, LDF (RLIN)
a 7
b cbc
c origode
d 3
e ncip
f 20
g y-gencatlg
942 ## - ADDED ENTRY ELEMENTS (KOHA)
Source of classification or shelving scheme
Koha item type Book
Holdings
Withdrawn status Lost status Damaged status Not for loan Collection code Permanent Location Current Location Shelving location Date acquired Total Checkouts Full call number Barcode Date last seen Price effective from Koha item type
          Centre for International Peace & Stability (CIPS) Centre for International Peace & Stability (CIPS) General Stacks 08/05/2013   355.033051 KAP 2003 CIPS0000508 11/20/2013 11/20/2013 Book
© 2023 Central Library, National University of Sciences and Technology. All Rights Reserved.